000 00493nam a2200145Ia 4500
008 100204s9999 xx 000 0 und d
082 _b7235
100 _aअष्टीकर बा. सी.
245 _aटांगती तलवार
260 _b"बांदोडकर पब्लिशिंग हाऊस, गोवा"
_c1985
300 _a255
630 _aटांगती तलवार
730 _aटांगती तलवार
942 _cBOOK
999 _c451672
_d451669